| 000 | 00843nam a2200265 a 4500 | ||
|---|---|---|---|
| 001 | 760 | ||
| 003 | BR-CuiBMT | ||
| 005 | 20231117192704.0 | ||
| 008 | 231116s2013 mgb 000 0 por d | ||
| 020 | _a9788577006793 | ||
| 040 |
_aBR-CuiBMT _cBR-CuiBMT |
||
| 080 |
_22007 _a351.71 |
||
| 090 |
_a351.71 _bA138g _c2. ed. |
||
| 100 | 1 | _aAbe, Nilma de Castro | |
| 245 |
_aGestão do patrimônio público imobiliário : _baspectos jurídicos da destinação, delimitação, fiscalização e responsabilidade / _cNilma de Castro Abe. |
||
| 250 | _a2. ed., rev. e atual. | ||
| 260 |
_aBelo Horizonte : _bFórum, _c2013. |
||
| 300 |
_a212 p. ; _c22 cm |
||
| 504 | _aInclui bibliografia. | ||
| 650 | _aDireito administrativo | ||
| 650 | _aDireito agrário | ||
| 650 | _aDireito urbanístico | ||
| 650 | _aPatrimônio público | ||
| 942 |
_2udc _cLV |
||
| 999 |
_c760 _d760 |
||